|
|
|
|
| LEADER |
01079nam a22002297a 4500 |
| 003 |
GR-PaULI |
| 005 |
20230526111946.0 |
| 008 |
230526t1997 gr ||||| |||| 001 0 gre d |
| 952 |
|
|
|0 0
|1 0
|2 ddc
|4 0
|6 370_100000000000000_ΑΝΤ
|7 0
|9 372145
|a PTDE
|b PTDE
|d 2023-05-26
|i 12943
|l 0
|o 370.1 ΑΝΤ
|p 025000212865
|r 2023-05-26 00:00:00
|t 1
|w 2023-05-26
|y BK15
|z Δωρεά Σ. Μπουζάκη
|
| 999 |
|
|
|c 216999
|d 216999
|
| 020 |
|
|
|a 9603433829
|
| 040 |
|
|
|a GR-PaULI
|b gre
|c GR-PaULI
|e AACR2
|
| 082 |
0 |
4 |
|2 23
|a 370.1
|
| 100 |
1 |
|
|9 40155
|a Αντωνίου, Χρήστος Ηρ.
|e συγγραφέας
|
| 245 |
1 |
0 |
|a Σοφιστές και παιδεία /
|c Χρήστος Ηρ. Αντωνίου.
|
| 260 |
|
|
|a Θεσσαλονίκη :
|b Αδελφών Κυριακίδη,
|c c1997.
|
| 300 |
|
|
|a 143 σ. ;
|c 21 εκ.
|
| 504 |
|
|
|a Περιέχει βιβλιογραφικές παραπομπές και ευρετήριο.
|
| 650 |
|
4 |
|9 329
|a Εκπαίδευση
|x Φιλοσοφία
|
| 650 |
|
4 |
|9 7915
|a Σοφιστές (Ελληνική φιλοσοφία)
|
| 942 |
|
|
|2 ddc
|c BK15
|
| 998 |
|
|
|c ΤΣΕΝΕ
|d 2023-05
|